010350000a22002170004500090001400000245019000014650001700204650003300221650004200254651004300296651003900339651003500378041001400413700002600427700002600453100003500479942001300514773009500527999001700622952017800639 aARb0262310aAnálisis de autocorrelación espacial de colonias de gatos ubicadas a nivel microgeográfico en tres ciudades: Barcelona, Palma de Mallorca () y Buenos Aires ()14aGatos99611814aAnálisis genético97515914aEstructuras microgeográficas996121 4mBarcelonadCataluñapEspaña992749 4mPalma de MallorcapEspaña992749 4mBuenos AirespArgentina9927490 aEspañol1 aAlvarez, Diana9961201 aKajon, Adriana9961221 aRuíz García, Manuel915537 cARTICULO1 tBoletín de la Real Sociedad Española de Historia Natural31252h1-2q193-211d1999g95 c11686d11686 001040718HEMEROTECAaBogotabBogotad2015-02-27eSánchez, EnriquehFuera de circulaciónl0oAR 02623p013036r2015-03-25 00:00:00t1w2015-03-25xDonaciónyARTICULO